La revelación divina : (Record no. 184086)

MARC details
000 -LEADER
campo de control de longitud fija 00881nam a2200241 i 4500
001 - NÚMERO DE CONTROL
campo de control 184086
003 - IDENTIFICADOR DE NÚMERO DE CONTROL
campo de control ES-MaACL
005 - FECHA Y HORA DE LA ÚLTIMA TRANSACCIÓN
campo de control 20230906222042.0
008 - DATOS DE LONGITUD FIJA--INFORMACIÓN GENERAL
campo de control de longitud fija 150312s1970 sp |||| | lat
080 ## - NÚMERO DE LA CLASIFICACIÓN DECIMAL UNIVERSAL
Número de la Clasificación Decimal Universal 231.74:262.5 Vat.II
111 2# - ENTRADA PRINCIPAL--NOMBRE DE CONGRESO/REUNIÓN
Nombre de congreso/reunión o jurisdicción como elemento de entrada Concilio Vaticano (
Número del congreso/reunión o número de parte o sección 2º.
Fecha del congreso o de la firma del tratado 1962-1965)
9 (RLIN) 122
245 13 - MENCIÓN DEL TÍTULO
Título La revelación divina :
Resto del título Constitución Dogmática "Dei Verbum" /
Mención de responsabilidad, etc. comentarios por B.-D. Dupuy ... [et al.] ; bajo la dirección de B.-D. Dupuy ; [traducción de Cecilio Sánchez Gil].
260 ## - PUBLICACIÓN, DISTRIBUCIÓN, ETC.
Lugar de publicación, distribución, etc. Madrid :
Nombre del editor, distribuidor, etc. Taurus,
Fecha de publicación, distribución, etc. [1970]
300 ## - DESCRIPCIÓN FÍSICA
Extensión 2 v. ;
Dimensiones 22 cm.
490 1# - MENCIÓN DE SERIE
Mención de serie Vaticano II ;
Designación de volumen o secuencia 8-9
546 ## - NOTA DE IDIOMA
Nota de lengua/lenguaje Texto latino y traducción española.
650 #4 - PUNTO DE ACCESO ADICIONAL DE MATERIA--TÉRMINO DE MATERIA
Término de materia o nombre geográfico como elemento de entrada Revelación.
9 (RLIN) 16895
700 1# - ENTRADA AGREGADA--NOMBRE PERSONAL
Nombre de persona Dupuy, Bernard Dominique.
9 (RLIN) 156551
700 1# - ENTRADA AGREGADA--NOMBRE PERSONAL
Nombre de persona Sánchez Gil, Cecilio.
9 (RLIN) 102671
830 1# - PUNTO DE ACCESO ADICIONAL DE SERIE-TÍTULO UNIFORME
Título uniforme Vaticano II ;
Designación de volumen o secuencia 8-9
9 (RLIN) 192023
852 4# - LOCALIZACIÓN
Ubicación ES-MaACL
Número de control de estantería E-15481-82
Holdings
Estatus retirado Estado de pérdida Estado de daño No para préstamo Biblioteca de origen Biblioteca actual Ubicación en estantería Fecha de adquisición Fuente de adquisición Total de préstamos Signatura topográfica completa Código de barras Visto por última vez Precio de reemplazo Tipo de ítem Koha
        Biblioteca del Ateneo de Madrid Biblioteca del Ateneo de Madrid Depósito 2 12/03/2015     E-15481-82 1193597 23/02/2023 23/02/2023 Libro impreso